<?xml version="1.0" encoding="UTF-8"?>
<record
    xmlns:xsi="http://www.w3.org/2001/XMLSchema-instance"
    xsi:schemaLocation="http://www.loc.gov/MARC21/slim http://www.loc.gov/standards/marcxml/schema/MARC21slim.xsd"
    xmlns="http://www.loc.gov/MARC21/slim">

  <leader>01278nam a2200193 a 4500</leader>
  <controlfield tag="008">161215e1986    spa|||||  ||| 00| 0 spa d</controlfield>
  <datafield tag="020" ind1=" " ind2=" ">
    <subfield code="a">9501517624</subfield>
  </datafield>
  <datafield tag="092" ind1=" " ind2=" ">
    <subfield code="c">808.5</subfield>
    <subfield code="l">6</subfield>
    <subfield code="s">BAC</subfield>
  </datafield>
  <datafield tag="100" ind1="1" ind2=" ">
    <subfield code="a">Bach, Richard</subfield>
    <subfield code="9">3088</subfield>
  </datafield>
  <datafield tag="245" ind1=" " ind2=" ">
    <subfield code="a">Biplano.</subfield>
    <subfield code="b">Un vuelo de la imaginacion /</subfield>
    <subfield code="c">Richard Bach</subfield>
  </datafield>
  <datafield tag="250" ind1=" " ind2=" ">
    <subfield code="a">1a ed.</subfield>
    <subfield code="b">Traducci&#xF3;n Andr&#xE9;s Vergara</subfield>
  </datafield>
  <datafield tag="260" ind1=" " ind2=" ">
    <subfield code="a">Buenos Aires:</subfield>
    <subfield code="b">Vergara;</subfield>
    <subfield code="c">1986.</subfield>
  </datafield>
  <datafield tag="300" ind1=" " ind2=" ">
    <subfield code="a">192 p.</subfield>
  </datafield>
  <datafield tag="500" ind1=" " ind2=" ">
    <subfield code="a">Bach, R.  (1986). Biplano. Un vuelo a la imaginaci&#xF3;n. (1a ed.). Buenos Aires : Vergara editor.</subfield>
  </datafield>
  <datafield tag="505" ind1=" " ind2=" ">
    <subfield code="a">Richard Bach jam&#xE1;s podr&#xED;a escribir un libro sobre vuelos, aunque lo intentara. Si por vuelos se entiende un manual de planos t&#xE9;cnicos y ejercicios, de c&#xF3;mo despegar y aterrizar, es obvio ya desde las primeras p&#xE1;ginas de este libro, que no es eso lo que el lector obtendr&#xE1; de la pluma de Bach. si, por el contrario, lo que el lector pretende es airear sus conocimientos, elevarse con Icaro, exponerse plenamente al aire y hacerlo con una inmensa alegr&#xED;a, entonces, sin duda, habr&#xE1; que ponerse en manos de Richard Bach. Es hombre no "vuela", del mismo modo que su tatarabuelo Johann Sebastian Bach, tampoco "escribia m&#xFA;sica": la exhalaba. </subfield>
  </datafield>
  <datafield tag="590" ind1=" " ind2=" ">
    <subfield code="a">Donacion Evelyn Minich. Proyecto 4to libro</subfield>
  </datafield>
  <datafield tag="655" ind1=" " ind2=" ">
    <subfield code="a">Cuento</subfield>
    <subfield code="9">3089</subfield>
  </datafield>
  <datafield tag="942" ind1=" " ind2=" ">
    <subfield code="2">ddc</subfield>
    <subfield code="c">LIT</subfield>
  </datafield>
  <datafield tag="999" ind1=" " ind2=" ">
    <subfield code="c">2276</subfield>
    <subfield code="d">2276</subfield>
  </datafield>
  <datafield tag="952" ind1=" " ind2=" ">
    <subfield code="0">0</subfield>
    <subfield code="1">0</subfield>
    <subfield code="2">ddc</subfield>
    <subfield code="4">0</subfield>
    <subfield code="7">0</subfield>
    <subfield code="8">FIC</subfield>
    <subfield code="a">BFM</subfield>
    <subfield code="b">BFM</subfield>
    <subfield code="c">CR</subfield>
    <subfield code="d">2016-12-15</subfield>
    <subfield code="e">Donaci&#xF3;n Evelyn Minich, 2016</subfield>
    <subfield code="l">2</subfield>
    <subfield code="o">808.5 6 BAC</subfield>
    <subfield code="p">3733</subfield>
    <subfield code="r">2017-11-16</subfield>
    <subfield code="s">2017-11-16</subfield>
    <subfield code="t">Ej. 1</subfield>
    <subfield code="w">2016-12-15</subfield>
    <subfield code="y">LIT</subfield>
    <subfield code="z">Proyecto 4to libro. Donaci&#xF3;n Minich, Evelyn</subfield>
  </datafield>
</record>
